Central Library OPAC University of Rajshahi

The ABC's of AutoCAD release 12 / (Record no. 77152)

MARC details
000 -LEADER
fixed length control field 00755nam a2200265 a 4500
001 - CONTROL NUMBER
control field 77152
003 - CONTROL NUMBER IDENTIFIER
rucl marc code BD-RjUL
005 - DATE AND TIME OF LATEST TRANSACTION
control field 20211209082931.0
008 - FIXED-LENGTH DATA ELEMENTS--GENERAL INFORMATION
fixed length control field 200226s1993 ii a 001 0 eng
035 ## - SYSTEM CONTROL NUMBER
System control number (DLC) 92061600
System control number (BD-RjUL)77376
040 ## - CATALOGING SOURCE
Original cataloging agency DLC
Transcribing agency DLC
Modifying agency DLC
-- BD-RjUL
Language of cataloging eng
041 ## - LANGUAGE CODE
Language code of text/sound track or separate title eng
082 00 - DEWEY DECIMAL CLASSIFICATION NUMBER
Edition number 23
Classification number 620.00420285
Author mark and year MIA 1993
100 1# - MAIN ENTRY--PERSONAL NAME
Personal name Miller, Alan R.,
Dates associated with a name 1932-
9 (RLIN) 239974
245 14 - TITLE STATEMENT
Title The ABC's of AutoCAD release 12 /
Statement of responsibility, etc. Alan R. Miller.
260 ## - PUBLICATION, DISTRIBUTION, ETC. (IMPRINT)
Place of publication, distribution, etc. New Delhi:
Name of publisher, distributor, etc. BPB Publications,
Date of publication, distribution, etc. c1993.
300 ## - PHYSICAL DESCRIPTION
Pagination xxiv, 316 p. :
Illustrations ill. ;
Size 23 cm.
500 ## - GENERAL NOTE
General note Includes index.
650 #0 - SUBJECT ADDED ENTRY--TOPICAL TERM
Topical term or geographic name as entry element Computer graphics.
9 (RLIN) 239975
Topical term or geographic name as entry element AutoCAD
9 (RLIN) 239976
942 ## - ADDED ENTRY ELEMENTS (KOHA)
Source of classification or shelving scheme Dewey Decimal Classification
Koha item type Books
Holdings
Lost status Source of classification or shelving scheme Damaged status Not for loan Collection code Permanent Location Current Location Shelving location Date acquired Source of acquisition Cost, normal purchase price Total Checkouts Full call number Date last seen Copy number Koha item type
  Dewey Decimal Classification   Not For Loan Non-fiction Central Library, University of Rajshahi Central Library, University of Rajshahi Reading Room 01/04/2000 Lucky syndicate 150.00   620.00420285 MIA 1993 26/02/2020 C-1 Books